[Event "Morava-ch U16"]
[Site "Bystrice nad Pernstejnem"]
[Date "2024.10.31"]
[Round "8"]
[White "Mikesova, Lenka"]
[Black "Lizuch, Lukas"]
[Result "1-0"]
[WhiteElo "1733"]
[BlackElo "1616"]
[PlyCount "65"]
[EventDate "2024.10.26"]
[EventType "swiss"]
[EventRounds "9"]
[EventCountry "CZE"]
[SourceTitle "CB45_2024"]
[Source "ChessBase"]
[SourceDate "2024.11.06"]
[SourceVersion "1"]
[SourceVersionDate "2024.11.06"]
[SourceQuality "1"]

1. e4 c5 2. Nf3 Nc6 3. d4 cxd4 4. Nxd4 g6 5. Nc3 Bg7 6. Be3 Nf6 7. Bc4 d6 8. f3 Bd7 9. Qd2 Rc8 10. Bb3 Ne5 11. 0-0-0 Nc4 12. Bxc4 Rxc4 13. g4 b5 14. h4 b4 15. Nd5 Nxd5 16. exd5 Qa5 17. Kb1 Qxd5 18. Nf5 Qxd2 19. Nxg7+ Kf8 20. Rxd2 Kxg7 21. Bxa7 Bc6 22. Rf1 d5 23. Bd4+ f6 24. b3 Rxd4 25. Rxd4 Rb8 26. Kb2 e5 27. Rd2 d4 28. a3 bxa3+ 29. Kxa3 Bb5 30. Rff2 Rc8 31. Kb4 Bd7 32. c4 f5 33. f4 1-0

[Event "Morava-ch U16"]
[Site "Bystrice nad Pernstejnem"]
[Date "2024.10.28"]
[Round "3"]
[White "Moravcik, Matus1"]
[Black "Mikesova, Lenka"]
[Result "1/2-1/2"]
[WhiteElo "1577"]
[BlackElo "1733"]
[PlyCount "121"]
[EventDate "2024.10.26"]
[EventType "swiss"]
[EventRounds "9"]
[EventCountry "CZE"]
[SourceTitle "CB45_2024"]
[Source "ChessBase"]
[SourceDate "2024.11.06"]
[SourceVersion "1"]
[SourceVersionDate "2024.11.06"]
[SourceQuality "1"]

1. e4 e5 2. Nf3 Nc6 3. d4 exd4 4. Nxd4 Nf6 5. Nc3 Bb4 6. Nxc6 bxc6 7. Bd3 d5 8. exd5 0-0 9. 0-0 Bg4 10. Be2 Bxe2 11. Qxe2 cxd5 12. Bg5 c6 13. Rad1 Qd6 14. Qf3 Rfe8 15. Bf4 Qe6 16. a3 Ba5 17. b4 Bb6 18. Na4 Ne4 19. Nxb6 axb6 20. Rfe1 Qf6 21. Re3 h6 22. h3 Qb2 23. c4 g5 24. cxd5 cxd5 25. Bg3 Nxg3 26. Qxg3 Rxe3 27. Qxe3 Rxa3 28. Qxb6 Rb3 29. Qd8+ Kg7 30. Qxd5 Rxb4 31. Rd2 Qc3 32. Qd6 Rf4 33. Rd1 Qa5 34. Qd5 Qb4 35. Qd2 Qe4 36. Qd3 Qa4 37. Qd5 Rf6 38. Qd4 Qe8 39. Qd8 Qe2 40. Qd2 Rxf2 41. Qd4+ Kg6 42. Qxf2 Qxd1+ 43. Kh2 Qd6+ 44. Kg1 h5 45. Qc2+ Kg7 46. Qe2 g4 47. hxg4 Qd4+ 48. Kf1 hxg4 49. Qe1 Kg6 50. Qb1+ f5 51. Qc1 g3 52. Qc6+ Kg5 53. Qc2 Qe3 54. Qb2 Qd3+ 55. Ke1 Kf4 56. Qb8+ Ke4 57. Qe8+ Kd4 58. Qd8+ Ke3 59. Qb6+ Qd4 60. Qb3+ Qd3 61. Qb6+ 1/2-1/2

[Event "CZE-ch U16 Girls"]
[Site "Kouty nad Desnou"]
[Date "2024.03.11"]
[Round "3"]
[White "Mikesova, Lenka"]
[Black "Dudkova, Josefina"]
[Result "1-0"]
[WhiteElo "1665"]
[BlackElo "1796"]
[PlyCount "79"]
[EventDate "2024.03.09"]
[EventType "swiss"]
[EventRounds "9"]
[EventCountry "CZE"]
[SourceTitle "CBM 219 Extra"]
[Source "ChessBase"]
[SourceDate "2024.05.31"]
[SourceVersion "1"]
[SourceVersionDate "2024.05.31"]
[SourceQuality "1"]

1. e4 c5 2. Nf3 Nc6 3. d4 cxd4 4. Nxd4 g6 5. Nc3 Bg7 6. Be3 Nf6 7. Bc4 0-0 8. Bb3 d6 9. f3 Bd7 10. Qd2 Nxd4 11. Bxd4 b5 12. 0-0-0 a5 13. Nd5 Nxd5 14. Bxg7 Kxg7 15. Bxd5 Rb8 16. e5 e6 17. Be4 d5 18. Bd3 b4 19. h4 h6 20. g4 Rh8 21. f4 f5 22. h5 g5 23. Rdg1 Kh7 24. gxf5 exf5 25. fxg5 Rg8 26. g6+ Kg7 27. Rf1 Rf8 28. Kb1 Qc7 29. Qe2 Be6 30. Rh4 a4 31. Rhf4 Qd7 32. Qf2 b3 33. cxb3 axb3 34. a3 Qc7 35. Bxf5 Bc8 36. Bxc8 Qc2+ 37. Qxc2 bxc2+ 38. Kc1 Rfxc8 39. Rf7+ Kg8 40. e6 1-0

[Event "CZE-ch U14 Girls"]
[Site "Teplice"]
[Date "2023.03.17"]
[Round "8"]
[White "Mikesova, Lenka"]
[Black "Kaplanova, Dominika"]
[Result "0-1"]
[WhiteElo "1408"]
[BlackElo "1534"]
[PlyCount "80"]
[EventDate "2023.03.11"]
[EventType "swiss"]
[EventRounds "9"]
[EventCountry "CZE"]
[SourceTitle "CBM 213 Extra"]
[Source "ChessBase"]
[SourceDate "2023.05.31"]
[SourceVersion "1"]
[SourceVersionDate "2023.05.31"]
[SourceQuality "1"]

1. e4 e5 2. f4 exf4 3. Nf3 g5 4. Bc4 Bg7 5. 0-0 h6 6. d4 d6 7. c3 Ne7 8. Qb3 0-0 9. e5 d5 10. Bd3 c6 11. c4 dxc4 12. Bxc4 Qb6 13. Qxb6 axb6 14. h4 g4 15. Ne1 Nf5 16. Rxf4 Nxh4 17. Nc3 Ng6 18. Rf1 Na6 19. Ne4 Nc7 20. Nf6+ Bxf6 21. Rxf6 Kg7 22. Nc2 Be6 23. Bxe6 fxe6 24. Rxf8 Rxf8 25. Bd2 Nd5 26. Rf1 Ngf4 27. Bxf4 Nxf4 28. Re1 Nd3 29. Re2 Nf4 30. Rf2 Nd5 31. Rxf8 Kxf8 32. Kf2 Kg7 33. Ne3 Nxe3 34. Kxe3 Kg6 35. Kf4 h5 36. a4 c5 37. dxc5 bxc5 38. b3 b6 39. g3 Kh6 40. Ke4 Kg5 0-1

[Event "CZE-ch U14 Girls"]
[Site "Luhacovice"]
[Date "2022.03.16"]
[Round "6"]
[White "Rybackova, Lucie"]
[Black "Mikesova, Lenka"]
[Result "1-0"]
[WhiteElo "1617"]
[BlackElo "1364"]
[PlyCount "73"]
[EventDate "2022.03.12"]
[EventType "swiss"]
[EventRounds "9"]
[EventCountry "CZE"]
[SourceTitle "EXT 2023"]
[Source "ChessBase"]
[SourceDate "2022.10.05"]
[SourceVersion "1"]
[SourceVersionDate "2022.10.05"]
[SourceQuality "1"]

1. c4 e5 2. g3 Bc5 3. Bg2 d6 4. e3 Nf6 5. Ne2 0-0 6. 0-0 c6 7. d4 exd4 8. exd4 Bb6 9. Nbc3 Bf5 10. b4 Nbd7 11. Bb2 Re8 12. Nf4 h6 13. Qd2 Ne4 14. Nxe4 Bxe4 15. d5 Bxg2 16. Kxg2 Nf6 17. Qc3 Re4 18. Qd3 Rxf4 19. gxf4 Nh5 20. Kh1 Qh4 21. Qf3 Nxf4 22. Qg3 Qxg3 23. fxg3 Nd3 24. Bc3 cxd5 25. cxd5 Rc8 26. Be1 Rc2 27. Rd1 Nf2+ 28. Bxf2 Bxf2 29. a4 Kh7 30. Rc1 Rd2 31. Rc7 b5 32. Rxf7 Bd4 33. axb5 Kg6 34. Rd7 Be3 35. Rxd6+ Kg5 36. Re6 Re2 37. Re4 1-0

[Event "CZE-ch U14 Girls"]
[Site "Luhacovice"]
[Date "2022.03.15"]
[Round "5"]
[White "Mikesova, Lenka"]
[Black "Filipova, Vanesa"]
[Result "1/2-1/2"]
[WhiteElo "1364"]
[BlackElo "1146"]
[PlyCount "49"]
[EventDate "2022.03.12"]
[EventType "swiss"]
[EventRounds "9"]
[EventCountry "CZE"]
[SourceTitle "EXT 2023"]
[Source "ChessBase"]
[SourceDate "2022.10.05"]
[SourceVersion "1"]
[SourceVersionDate "2022.10.05"]
[SourceQuality "1"]

1. e4 e6 2. d4 d5 3. Bd3 c5 4. exd5 Qxd5 5. Nc3 Qxd4 6. Be3 Qd8 7. Nf3 Nf6 8. 0-0 Be7 9. Qe2 0-0 10. Rad1 Bd7 11. Ne4 Qc7 12. Bxc5 Re8 13. Bxe7 Nxe4 14. Qxe4 f5 15. Qh4 Nc6 16. Ba3 Ne5 17. Nxe5 Qxe5 18. Rfe1 Qc7 19. g4 g6 20. gxf5 exf5 21. Bc4+ Kg7 22. Re7+ Rxe7 23. Bxe7 Bc6 24. Qf6+ Kh6 25. Bd6 1/2-1/2

[Event "CZE-ch U14 Girls"]
[Site "Luhacovice"]
[Date "2022.03.14"]
[Round "3"]
[White "Mikesova, Lenka"]
[Black "Dudkova, Josefina"]
[Result "0-1"]
[WhiteElo "1364"]
[BlackElo "1545"]
[PlyCount "100"]
[EventDate "2022.03.12"]
[EventType "swiss"]
[EventRounds "9"]
[EventCountry "CZE"]
[SourceTitle "EXT 2023"]
[Source "ChessBase"]
[SourceDate "2022.10.05"]
[SourceVersion "1"]
[SourceVersionDate "2022.10.05"]
[SourceQuality "1"]

1. e4 c5 2. Nf3 d6 3. d4 cxd4 4. Nxd4 Nf6 5. Nc3 g6 6. Be3 Bg7 7. f3 0-0 8. Qd2 Nc6 9. 0-0-0 Bd7 10. h4 Nxd4 11. Bxd4 b5 12. g4 b4 13. Nd5 Nxd5 14. Bxg7 Kxg7 15. Qxd5 Qb6 16. Qd4+ f6 17. Qxb6 axb6 18. Bc4 Rfc8 19. Bb3 Ba4 20. Kd2 Rc5 21. h5 Bxb3 22. axb3 gxh5 23. gxh5 Kh6 24. Rhg1 Rxh5 25. Rg2 Raa5 26. f4 Rh3 27. f5 d5 28. Rc1 d4 29. Rcg1 Re5 30. Rg4 e6 31. Rf4 exf5 32. exf5 Rd5 33. Rg2 Rh5 34. Kd3 Rhxf5 35. Rxf5 Rxf5 36. Kxd4 Rg5 37. Rh2+ Kg6 38. Ke4 f5+ 39. Kf3 h5 40. Re2 Kf6 41. Rd2 h4 42. Rd6+ Ke5 43. Rxb6 Rh5 44. Rb5+ Kf6 45. Kg2 h3+ 46. Kh2 Rh4 47. c4 bxc3 48. bxc3 f4 49. Ra5 f3 50. Kg3 h2 0-1

[Event "CZE-ch U12 Girls"]
[Site "Kouty nad Desnou"]
[Date "2020.03.09"]
[Round "4"]
[White "Reznickova, Sibyla"]
[Black "Mikesova, Lenka"]
[Result "1-0"]
[WhiteElo "1198"]
[BlackElo "1010"]
[PlyCount "55"]
[EventDate "2020.03.07"]
[EventType "swiss"]
[EventRounds "7"]
[EventCountry "CZE"]
[SourceTitle "CBM 195 Extra"]
[Source "ChessBase"]
[SourceDate "2020.05.31"]
[SourceVersion "1"]
[SourceVersionDate "2020.05.31"]
[SourceQuality "1"]

1. d4 d5 2. Nf3 Nc6 3. c4 e5 4. dxe5 dxc4 5. Qxd8+ Nxd8 6. e4 Nc6 7. Bxc4 Bg4 8. Bf4 Bxf3 9. gxf3 Nd4 10. Kd1 Nxf3 11. Kc1 Rd8 12. Nc3 c6 13. e6 fxe6 14. Bxe6 Nd4 15. Bxg8 Rxg8 16. Rd1 Bb4 17. Be3 Bxc3 18. bxc3 Ne2+ 19. Kc2 Rxd1 20. Rxd1 Rf8 21. Bxa7 Nf4 22. Bb6 Ke7 23. Bc5+ Kf7 24. Bxf8 Kxf8 25. a4 Nh3 26. f3 Nf4 27. Rb1 Ne6 28. Rxb7 1-0

[Event "CZE-ch U12 Girls"]
[Site "Kouty nad Desnou"]
[Date "2020.03.08"]
[Round "2"]
[White "Ojrzynska, Klara"]
[Black "Mikesova, Lenka"]
[Result "1/2-1/2"]
[WhiteElo "1057"]
[BlackElo "1010"]
[PlyCount "104"]
[EventDate "2020.03.07"]
[EventType "swiss"]
[EventRounds "7"]
[EventCountry "CZE"]
[SourceTitle "CBM 195 Extra"]
[Source "ChessBase"]
[SourceDate "2020.05.31"]
[SourceVersion "1"]
[SourceVersionDate "2020.05.31"]
[SourceQuality "1"]

1. e4 e5 2. Nf3 Nc6 3. Nc3 Nf6 4. Bb5 Bb4 5. Bxc6 bxc6 6. Nxe5 Qe7 7. Ng4 Bxc3 8. dxc3 Qxe4+ 9. Ne3 Ba6 10. Qd4 0-0 11. Qxe4 Nxe4 12. f3 Nf6 13. Bd2 Rfe8 14. 0-0-0 d5 15. Ng4 Nxg4 16. fxg4 Be2 17. Rde1 Bxg4 18. Bf4 h6 19. Bxc7 a6 20. h3 Bf5 21. Rxe8+ Rxe8 22. Rf1 Be4 23. Re1 f6 24. g4 Kf7 25. h4 Bf3 26. Rg1 Re4 27. g5 fxg5 28. hxg5 h5 29. g6+ Ke6 30. Rg3 Bg4 31. b3 h4 32. Rg1 h3 33. Kd2 Re2+ 34. Kd3 Rg2 35. Re1+ Kd7 36. Be5 h2 37. Rh1 Bf5+ 38. Kd4 Be4 39. Rxh2 Rxh2 40. Bxh2 Bxg6 41. Be5 Bxc2 42. Bxg7 Kc7 43. Kc5 Bb1 44. a3 Ba2 45. b4 Kb7 46. Be5 Bc4 47. a4 Bb3 48. a5 Bc4 49. Kd6 Bb5 50. Bd4 Bc4 51. Bb6 Bb5 52. Kc5 Bc4 1/2-1/2